| 000 | 00568nam a2200181Ia 4500 | ||
|---|---|---|---|
| 003 | GCL | ||
| 008 | 140319s9999 xx 000 0 eng d | ||
| 040 |
_aGCL / _cGCL |
||
| 082 | 0 | 4 |
_aCC _b956.048 _bE O |
| 100 | 1 | _aEL-GAMASY,MOHAMED ABDEL GHANI | |
| 245 | 1 | 0 |
_aTHE OCTOBER WAR MEMORIES OF FIELD MARSHAL EL - GAMASY OR EGYPT / _cEL-GAMASY,MOHAMED ABDEL GHANI |
| 700 | 1 | _aPOTTER,GILLION(TRANSLATION) | |
| 260 |
_a[S.N] : _bTHE AMERICAN UNIVERSITY IN CAIRO PRESS ، _c1993 |
||
| 300 | _a430 | ||
| 650 | 0 | 4 | _aISRAEL - ARAB WAR 1973 |
| 650 | 0 | 4 | _aEGYPT |
| 942 |
_2ddc _cBK |
||
| 999 |
_c13157 _d13157 |
||